|
|
|
|
| LEADER |
00000nam0a2200000 4500 |
| 001 |
303320 |
| 005 |
20231102001606.0 |
| 035 |
|
|
|a (RuTPU)RU\TPU\book\328542
|
| 090 |
|
|
|a 303320
|
| 100 |
|
|
|a 20150901d1983 km y0rusy50 ca
|
| 101 |
0 |
|
|a rus
|
| 102 |
|
|
|a UA
|
| 105 |
|
|
|a a z 000zy
|
| 200 |
1 |
|
|a Их именами улицы назвали
|e очерк путеводитель
|f И. Маляр
|
| 210 |
|
|
|a Алма-Ата
|c Жалын
|d 1983
|
| 215 |
|
|
|a 184 с.
|c ил.
|
| 606 |
1 |
|
|a Города
|x Архитектура
|2 stltpush
|3 (RuTPU)RU\TPU\subj\8274
|9 35731
|
| 606 |
1 |
|
|a Казахстан
|x История
|2 stltpush
|3 (RuTPU)RU\TPU\subj\69065
|9 84064
|
| 610 |
1 |
|
|a улицы
|
| 610 |
1 |
|
|a топонимика
|
| 610 |
1 |
|
|a Алма-Ата
|
| 610 |
1 |
|
|a путеводители
|
| 610 |
1 |
|
|a архитектурные памятники
|
| 610 |
1 |
|
|a знаменитые люди
|
| 610 |
1 |
|
|a политические деятели
|
| 610 |
1 |
|
|a государственные деятели
|
| 610 |
1 |
|
|a названия
|
| 610 |
1 |
|
|a очерки
|
| 675 |
|
|
|a 728.1
|v 4
|
| 700 |
|
1 |
|a Маляр
|b И.
|g Иосиф
|
| 801 |
|
1 |
|a RU
|b 63413507
|c 20150901
|
| 801 |
|
2 |
|a RU
|b 63413507
|c 20190412
|g RCR
|
| 942 |
|
|
|c BK
|